[Event "Belgrade Trophy 20th"]
[Site "Belgrade"]
[Date "2007.11.25"]
[Round "4"]
[White "Vuckovic, Branko"]
[Black "Velimirovic, Dragoljub"]
[Result "1/2-1/2"]
[WhiteElo "2214"]
[BlackElo "2442"]
[PlyCount "66"]
[EventDate "2007.11.22"]
[EventType "swiss"]
[EventRounds "9"]
[EventCountry "YUG"]
[Source "ChessBase"]
[SourceDate "2008.01.10"]
[WhiteTeamCountry "YUG"]
[BlackTeamCountry "URS"]

1. e4 c5 2. Nc3 Nc6 3. f4 e6 4. Bb5 d5 5. e5 Nge7 6. Nf3 Nf5 7. Ne2 Be7 8. c3
a6 9. Bd3 b5 10. Bxf5 exf5 11. d4 c4 12. O-O h6 13. Ne1 Be6 14. Nc2 Qd7 15. Ne3
h5 16. g3 g6 17. h4 O-O 18. Bd2 Na7 19. b4 a5 20. a3 Nc6 21. Qc2 Ra7 22. Kg2
Rfa8 23. Qb2 Qb7 24. Nc2 Ra6 25. Ng1 R8a7 26. Nf3 Qa8 27. Kf2 Nb8 28. Rfb1 Nd7
29. Qc1 axb4 30. axb4 Ra2 31. Rxa2 Rxa2 32. Ra1 Qa4 33. Nfe1 Rxa1 1/2-1/2

[Event "Belgrade Trophy 20th"]
[Site "Belgrade"]
[Date "2007.11.26"]
[Round "5"]
[White "Velimirovic, Dragoljub"]
[Black "Vreljanski, Dragomir"]
[Result "1-0"]
[WhiteElo "2442"]
[BlackElo "2196"]
[PlyCount "117"]
[EventDate "2007.11.22"]
[EventType "swiss"]
[EventRounds "9"]
[EventCountry "YUG"]
[Source "ChessBase"]
[SourceDate "2008.01.10"]
[WhiteTeamCountry "YUG"]
[BlackTeamCountry "URS"]

1. e4 e6 2. d4 d5 3. Nc3 Bb4 4. e5 c5 5. a3 Bxc3+ 6. bxc3 Ne7 7. a4 Qa5 8. Qd2
cxd4 9. cxd4 Qxd2+ 10. Bxd2 Nbc6 11. Nf3 Nf5 12. Bc3 Bd7 13. Bd3 O-O 14. Kd2
Rac8 15. Rhb1 Rc7 16. a5 Nfe7 17. Bb2 Nd8 18. Ba3 Bc6 19. Bc5 a6 20. h4 f5 21.
Ng5 h6 22. Bb6 Rd7 23. Bxd8 hxg5 24. Bxe7 Rxe7 25. hxg5 g6 26. Rh1 Rh7 27. Rxh7
Kxh7 28. Rb1 Kg7 29. Rb6 Rc8 30. Ke3 Kf7 31. g4 Ke7 32. gxf5 gxf5 33. f4 Kf7
34. Kf2 Kg6 35. Kg2 Rc7 36. Rb1 Ba4 37. Kf2 Be8 38. Rh1 Kg7 39. Ke3 Ba4 40. Kd2
Bd7 41. Rc1 Bc6 42. c4 Rd7 43. Ke3 Rd8 44. cxd5 Rxd5 45. Rc5 Rxc5 46. dxc5 Kg6
47. Be2 Kg7 48. Bf3 Kg6 49. Kf2 Kg7 50. Kg3 Kh7 51. Bd1 Kg7 52. Bb3 Kf7 53. Kh4
Bf3 54. Bc4 Bc6 55. Kh5 Bf3+ 56. Kh6 Bd5 57. g6+ Kg8 58. Bxd5 exd5 59. e6 1-0

[Event "Belgrade Trophy 20th"]
[Site "Belgrade"]
[Date "2007.11.27"]
[Round "6"]
[White "Popovic, Nenad"]
[Black "Velimirovic, Dragoljub"]
[Result "1-0"]
[WhiteElo "2268"]
[BlackElo "2442"]
[PlyCount "105"]
[EventDate "2007.11.22"]
[EventType "swiss"]
[EventRounds "9"]
[EventCountry "YUG"]
[Source "ChessBase"]
[SourceDate "2008.01.10"]
[WhiteTeamCountry "YUG"]
[BlackTeamCountry "URS"]

1. c4 Nf6 2. Nc3 g6 3. Nf3 Bg7 4. e4 d6 5. d4 O-O 6. h3 c5 7. Be3 cxd4 8. Nxd4
Nc6 9. Qd2 Nxd4 10. Bxd4 Be6 11. Rc1 Qa5 12. Rc2 Rfc8 13. b3 a6 14. Be2 b5 15.
b4 Qxb4 16. Rb2 Qa3 17. Nb1 Qa4 18. Nc3 Qa5 19. cxb5 axb5 20. Rxb5 Qc7 21. O-O
Bc4 22. Bxf6 Bxf6 23. Nd5 Bxd5 24. Qxd5 Ra4 25. Bd3 Qa7 26. Bb1 Rac4 27. Qd2
Kg7 28. Kh2 Qa6 29. Rb3 Rd4 30. Bd3 Qa7 31. Qe2 Ra8 32. Bb1 Rc8 33. Bd3 Rc5 34.
Rd1 h5 35. Bb1 Be5+ 36. g3 Rxd1 37. Qxd1 h4 38. Qg1 hxg3+ 39. fxg3 Qc7 40. Qe3
Rc1 41. Bd3 Ra1 42. Ra3 Qb7 43. Qf2 Qb4 44. Rb3 Qa4 45. Bb1 Qc4 46. Rb7 Rxb1
47. Rxb1 Bxg3+ 48. Kxg3 Qd3+ 49. Kh2 Qxb1 50. Qd4+ e5 51. Qc4 Qb6 52. Qc2 Kf6
53. a4 1-0

[Event "Belgrade Trophy 20th"]
[Site "Belgrade"]
[Date "2007.11.29"]
[Round "8"]
[White "Karaklajic, Nikola"]
[Black "Velimirovic, Dragoljub"]
[Result "1-0"]
[WhiteElo "2317"]
[BlackElo "2442"]
[PlyCount "87"]
[EventDate "2007.11.22"]
[EventType "swiss"]
[EventRounds "9"]
[EventCountry "YUG"]
[Source "ChessBase"]
[SourceDate "2008.01.10"]
[WhiteTeamCountry "YUG"]
[BlackTeamCountry "URS"]

1. e4 c5 2. Nf3 Nc6 3. c3 e6 4. d4 d5 5. exd5 exd5 6. Be3 cxd4 7. Bxd4 Nxd4 8.
Qxd4 a6 9. Bd3 Qe7+ 10. Be2 Nf6 11. O-O Qc7 12. Re1 Bc5 13. Qa4+ Kf8 14. Qh4
Ne4 15. Nd4 h6 16. Bd3 Nf6 17. h3 Bd6 18. Ne2 Bd7 19. Nd2 g5 20. Qd4 Kg7 21.
Nb3 Rhe8 22. Kf1 a5 23. a4 b6 24. Bb5 Bxb5 25. axb5 a4 26. Nd2 Bc5 27. Qd3 g4
28. hxg4 Nxg4 29. Nd4 Qh2 30. Qh3 Qf4 31. N2f3 Re4 32. g3 Nxf2 33. Kxf2 Qf6 34.
Rxe4 dxe4 35. Qg4+ Qg6 36. Qxg6+ fxg6 37. Nd2 Ra5 38. Nxe4 Bxd4+ 39. cxd4 Rxb5
40. Ra2 Rb3 41. Rxa4 Rxb2+ 42. Ke3 Rb5 43. Ra7+ Kf8 44. Nf6 1-0

[Event "Belgrade Trophy 20th"]
[Site "Belgrade"]
[Date "2007.11.30"]
[Round "9"]
[White "Knezevic, Mladen"]
[Black "Velimirovic, Dragoljub"]
[Result "0-1"]
[WhiteElo "2172"]
[BlackElo "2442"]
[PlyCount "66"]
[EventDate "2007.11.22"]
[EventType "swiss"]
[EventRounds "9"]
[EventCountry "YUG"]
[Source "ChessBase"]
[SourceDate "2008.01.10"]
[WhiteTeamCountry "YUG"]
[BlackTeamCountry "URS"]

1. Nf3 c5 2. c4 g6 3. g3 Bg7 4. Bg2 Nc6 5. O-O a6 6. Nc3 Rb8 7. d3 b5 8. cxb5
axb5 9. Be3 Nd4 10. Bxd4 cxd4 11. Ne4 d5 12. Nc5 e5 13. b4 Ne7 14. Qb3 O-O 15.
a4 e4 16. dxe4 dxe4 17. Nxe4 Be6 18. Qa3 bxa4 19. Nc5 Bc4 20. Nd3 Bb5 21. Rac1
Nd5 22. Rc5 Nc3 23. Re1 Re8 24. Nfe5 Bf8 25. Bc6 Bxc5 26. Bxe8 Qxe8 27. bxc5
Bxd3 28. Nxd3 Rb3 29. Qa1 Qe4 30. Nc1 Rb1 31. Qa3 Nxe2+ 32. Kf1 Rxc1 33. Qxc1
d3 0-1

[Event "MNT-chT1"]
[Site "Podgorica"]
[Date "2008.09.07"]
[Round "1"]
[White "Zivkovic, Ljubomir"]
[Black "Velimirovic, Dragoljub"]
[Result "0-1"]
[WhiteElo "2290"]
[BlackElo "2415"]
[PlyCount "40"]
[EventDate "2008.09.07"]
[EventType "team ()"]
[EventRounds "9"]
[EventCountry "MNT"]
[Source "ChessBase"]
[SourceDate "2009.11.30"]
[WhiteTeamCountry "YUG"]
[BlackTeamCountry "URS"]

1. c4 g6 2. Nf3 Bg7 3. g3 c5 4. Bg2 Nc6 5. O-O d6 6. Nc3 e5 7. d3 Nge7 8. Rb1
a6 9. a3 Rb8 10. b4 cxb4 11. axb4 b5 12. cxb5 axb5 13. e4 O-O 14. Bg5 h6 15.
Bxe7 Nxe7 16. d4 exd4 17. Nxd4 Qb6 18. Nce2 Bb7 19. Nb3 Rfd8 20. Nf4 Rbc8 0-1

[Event "MNT-chT1"]
[Site "Podgorica"]
[Date "2008.09.14"]
[Round "2"]
[White "Velimirovic, Dragoljub"]
[Black "Marinkovic, Slavisa"]
[Result "1-0"]
[WhiteElo "2415"]
[BlackElo "2380"]
[PlyCount "71"]
[EventDate "2008.09.07"]
[EventType "team ()"]
[EventRounds "9"]
[EventCountry "MNT"]
[Source "ChessBase"]
[SourceDate "2009.11.30"]
[WhiteTeamCountry "YUG"]
[BlackTeamCountry "URS"]

1. e4 e6 2. d4 d5 3. e5 c5 4. c3 Nc6 5. Nf3 Nge7 6. dxc5 Ng6 7. Be3 Ngxe5 8.
Nxe5 Nxe5 9. Nd2 Be7 10. f4 Ng6 11. Nb3 Qc7 12. Bb5+ Bd7 13. Bxd7+ Qxd7 14. O-O
O-O 15. Qh5 Nh4 16. Nd4 g6 17. Qh6 Bf6 18. Bf2 Bxd4 19. cxd4 Nf5 20. Qh3 h5 21.
Qd3 Qc7 22. g3 b6 23. b4 bxc5 24. bxc5 Rab8 25. Rab1 Rxb1 26. Rxb1 Rb8 27. Rb5
a6 28. Rb3 Rxb3 29. Qxb3 Qc6 30. h3 Qb5 31. Qc2 Qc6 32. Qb2 Qb5 33. Qc2 Qc4 34.
Qd2 Qb5 35. g4 hxg4 36. hxg4 1-0

[Event "MNT-chT1"]
[Site "Podgorica"]
[Date "2008.09.21"]
[Round "3"]
[White "Podinic, Vladimir"]
[Black "Velimirovic, Dragoljub"]
[Result "1/2-1/2"]
[WhiteElo "2403"]
[BlackElo "2415"]
[PlyCount "110"]
[EventDate "2008.09.07"]
[EventType "team ()"]
[EventRounds "9"]
[EventCountry "MNT"]
[Source "ChessBase"]
[SourceDate "2009.11.30"]
[WhiteTeamCountry "YUG"]
[BlackTeamCountry "URS"]

1. e4 c5 2. c3 e6 3. d4 d5 4. exd5 exd5 5. Be3 cxd4 6. Bxd4 a6 7. Nf3 Nc6 8.
Be2 Nxd4 9. Nxd4 Nf6 10. O-O Bc5 11. Qd3 O-O 12. Nd2 Re8 13. Rae1 Qd6 14. Bf3
Bd7 15. g3 g6 16. Bg2 Bb6 17. Rxe8+ Rxe8 18. Rd1 Qe5 19. Nf1 h5 20. Ne3 Bg4 21.
Nxg4 hxg4 22. Qc2 Bc5 23. a4 a5 24. Nb3 Bb6 25. Nd4 Kg7 26. Qb3 Qd6 27. Kf1 Bc5
28. Qb5 b6 29. Nb3 Qe5 30. Qd3 Qh5 31. Nxc5 bxc5 32. Bxd5 c4 33. Bxc4 Qxh2 34.
Bd5 Rd8 35. c4 Nxd5 36. cxd5 Re8 37. f4 gxf3 38. Qc3+ Kf8 39. Qxf3 Qxb2 40. d6
Qe5 41. d7 Rd8 42. Kg2 Qb2+ 43. Kg1 Kg7 44. Qf2 Qe5 45. Qd4 Qxd4+ 46. Rxd4 Kf6
47. Rd5 Ke6 48. Rxa5 Rxd7 49. Kf2 Rd3 50. Rb5 Ra3 51. a5 f5 52. Rb6+ Kf7 53. a6
Kg7 54. Rb7+ Kf6 55. a7 g5 1/2-1/2

[Event "Belgrade Trophy 21st"]
[Site "Obrenovac"]
[Date "2008.11.27"]
[Round "1"]
[White "Velimirovic, Dragoljub"]
[Black "Clitan, Zaharia"]
[Result "1-0"]
[WhiteElo "2415"]
[BlackElo "2045"]
[PlyCount "61"]
[EventDate "2008.11.27"]
[EventType "swiss"]
[EventRounds "9"]
[EventCountry "YUG"]
[Source "ChessBase"]
[SourceDate "2009.01.08"]
[WhiteTeamCountry "YUG"]
[BlackTeamCountry "URS"]

1. e4 e5 2. Nf3 d6 3. d4 exd4 4. Qxd4 Nf6 5. Nc3 Be7 6. Bg5 O-O 7. O-O-O Nc6 8.
Qd2 Be6 9. Bb5 Nb4 10. a3 a6 11. Bd3 Nxd3+ 12. Qxd3 Nd7 13. h4 h6 14. Bf4 Bf6
15. Qe3 Qe7 16. Kb1 Nb6 17. Nd4 Nc4 18. Qg3 Be5 19. Bxe5 dxe5 20. Nf5 Bxf5 21.
Nd5 Qc5 22. exf5 f6 23. Rhe1 a5 24. Re4 Rf7 25. Qc3 b5 26. Ne3 Rb8 27. f3 c6
28. Nxc4 bxc4 29. Rxc4 Qf2 30. g4 Rfb7 31. b3 1-0

[Event "Belgrade Trophy 21st"]
[Site "Obrenovac"]
[Date "2008.11.28"]
[Round "2"]
[White "Kolbert, Engelbert"]
[Black "Velimirovic, Dragoljub"]
[Result "0-1"]
[WhiteElo "2189"]
[BlackElo "2415"]
[PlyCount "96"]
[EventDate "2008.11.27"]
[EventType "swiss"]
[EventRounds "9"]
[EventCountry "YUG"]
[Source "ChessBase"]
[SourceDate "2009.01.08"]
[WhiteTeamCountry "YUG"]
[BlackTeamCountry "URS"]

1. e4 c5 2. c3 e6 3. d4 d5 4. exd5 exd5 5. Nf3 a6 6. Be3 cxd4 7. Bxd4 Nc6 8.
Be2 Nxd4 9. Qxd4 Nf6 10. O-O Bd6 11. Nbd2 O-O 12. Rfe1 Qc7 13. Nb3 Re8 14. Bf1
Bg4 15. h3 Bxf3 16. gxf3 Re6 17. Re3 Bf4 18. Rxe6 fxe6 19. Nc5 Re8 20. Re1 e5
21. Qb4 a5 22. Qb5 Re7 23. Nd3 e4 24. fxe4 dxe4 25. Nxf4 Qxf4 26. Bc4+ Kh8 27.
Qc5 Re8 28. Re3 h5 29. Qxa5 Re5 30. Qd8+ Kh7 31. Qd2 Rg5+ 32. Kf1 b5 33. Bb3
Qh2 34. Ke2 Rg2 35. Qe1 Rg1 36. Qd2 Qg2 37. Rg3 Qf1+ 38. Ke3 Rxg3+ 39. fxg3
Qf3+ 40. Kd4 Qxg3 41. Qe2 Qxh3 42. Qxb5 h4 43. Bc2 Qg4 44. Qe5 h3 45. a4 Qg1+
46. Kc4 Qg2 47. Qf5+ Kh6 48. Qf4+ Kg6 0-1

[Event "Belgrade Trophy 21st"]
[Site "Obrenovac"]
[Date "2008.11.30"]
[Round "4"]
[White "Velimirovic, Dragoljub"]
[Black "Stanoev, Atanas"]
[Result "1-0"]
[WhiteElo "2415"]
[BlackElo "2259"]
[PlyCount "53"]
[EventDate "2008.11.27"]
[EventType "swiss"]
[EventRounds "9"]
[EventCountry "YUG"]
[Source "ChessBase"]
[SourceDate "2009.01.08"]
[WhiteTeamCountry "YUG"]
[BlackTeamCountry "URS"]

1. e4 c5 2. Nf3 Nc6 3. d4 cxd4 4. Nxd4 Qc7 5. Nc3 e6 6. Be2 a6 7. O-O Nf6 8.
Kh1 Be7 9. f4 d6 10. a4 O-O 11. g4 Nxd4 12. Qxd4 b6 13. g5 Nd7 14. f5 Re8 15.
f6 Bf8 16. Qf2 Ne5 17. Be3 Rb8 18. Bd4 g6 19. h4 b5 20. axb5 axb5 21. Ra7 Qc6
22. b4 Nc4 23. h5 Rb7 24. hxg6 hxg6 25. Qh4 Rxa7 26. Kg2 Ne3+ 27. Bxe3 1-0

[Event "Belgrade Trophy 21st"]
[Site "Obrenovac"]
[Date "2008.12.01"]
[Round "5"]
[White "Panic, Nenad"]
[Black "Velimirovic, Dragoljub"]
[Result "0-1"]
[WhiteElo "2360"]
[BlackElo "2415"]
[PlyCount "84"]
[EventDate "2008.11.27"]
[EventType "swiss"]
[EventRounds "9"]
[EventCountry "YUG"]
[Source "ChessBase"]
[SourceDate "2009.01.08"]
[WhiteTeamCountry "YUG"]
[BlackTeamCountry "URS"]

1. d4 c5 2. d5 Nf6 3. c4 g6 4. Nc3 Bg7 5. e4 d6 6. Bd3 O-O 7. h3 e5 8. Nge2
Nbd7 9. Be3 a6 10. a4 Nh5 11. g4 Nf4 12. Nxf4 exf4 13. Bxf4 Ne5 14. Be2 Bd7 15.
Bg3 g5 16. h4 h6 17. h5 Qb6 18. Ra3 Qxb2 19. Rb3 Nf3+ 20. Bxf3 Bxc3+ 21. Kf1
Bxa4 22. Rxb2 Bxd1 23. Bxd1 Bxb2 24. Bxd6 Rfe8 25. f3 Bd4 26. Ba4 b5 27. cxb5
axb5 28. Bxb5 Reb8 29. Bxb8 Rxb8 30. Be2 Rb1+ 31. Kg2 Rb2 32. Kf1 Kg7 33. f4
gxf4 34. Rh3 Kf6 35. Rd3 Ke5 36. g5 c4 37. Rd1 c3 38. Rc1 f3 39. Bxf3 Rf2+ 40.
Ke1 Rxf3 41. gxh6 Rh3 42. Ke2 Rxh5 0-1

[Event "Belgrade Trophy 21st"]
[Site "Obrenovac"]
[Date "2008.12.02"]
[Round "6"]
[White "Cvetkovic, Srdjan"]
[Black "Velimirovic, Dragoljub"]
[Result "1-0"]
[WhiteElo "2378"]
[BlackElo "2415"]
[PlyCount "53"]
[EventDate "2008.11.27"]
[EventType "swiss"]
[EventRounds "9"]
[EventCountry "YUG"]
[Source "ChessBase"]
[SourceDate "2009.01.08"]
[WhiteTeamCountry "YUG"]
[BlackTeamCountry "URS"]

1. c4 c5 2. Nf3 Nc6 3. d4 cxd4 4. Nxd4 Nf6 5. Nc3 e6 6. a3 Bc5 7. e3 O-O 8. Be2
d5 9. cxd5 exd5 10. O-O Re8 11. b4 Nxd4 12. bxc5 Nxe2+ 13. Nxe2 Bg4 14. Bb2 Rc8
15. Rc1 Qe7 16. Bd4 Nd7 17. f3 Be6 18. Qa4 a6 19. c6 bxc6 20. Rxc6 Rxc6 21.
Qxc6 Qxa3 22. Nf4 Qe7 23. Qxa6 Nf8 24. Rb1 Qc7 25. Nh5 Qc2 26. Ra1 Bc8 27. Nf6+
1-0

[Event "Belgrade Trophy 21st"]
[Site "Obrenovac"]
[Date "2008.12.03"]
[Round "7"]
[White "Velimirovic, Dragoljub"]
[Black "Kasparov, Sergey"]
[Result "1-0"]
[WhiteElo "2415"]
[BlackElo "2492"]
[PlyCount "105"]
[EventDate "2008.11.27"]
[EventType "swiss"]
[EventRounds "9"]
[EventCountry "YUG"]
[Source "ChessBase"]
[SourceDate "2009.01.08"]
[WhiteTeamCountry "YUG"]
[BlackTeamCountry "URS"]

1. a3 Nf6 2. g3 d5 3. Bg2 c6 4. d3 e5 5. Nf3 Bd6 6. O-O O-O 7. Nc3 Nbd7 8. e4
dxe4 9. dxe4 Qc7 10. Nh4 Re8 11. Nf5 Bf8 12. Qf3 Kh8 13. h4 Nc5 14. h5 Bxf5 15.
Qxf5 Qe7 16. Bg5 h6 17. Bxf6 Qxf6 18. Qxf6 gxf6 19. Rfd1 Red8 20. Kf1 Ne6 21.
Rxd8 Rxd8 22. Rd1 Rxd1+ 23. Nxd1 Ng7 24. Bh3 Nxh5 25. Bc8 b6 26. Bd7 c5 27. Ne3
f5 28. Nxf5 Nf6 29. Bc6 Ng8 30. Bb7 Kh7 31. Ke2 Kg6 32. Kd3 h5 33. Kc4 Ne7 34.
Ne3 Bh6 35. Nd1 Kg5 36. Kb5 Kg4 37. Ka6 Kf3 38. Kxa7 Ke2 39. Kxb6 Kxd1 40. a4
Kxc2 41. a5 Kxb2 42. Kxc5 Bd2 43. a6 Be1 44. Kd6 Nc8+ 45. Bxc8 Bxf2 46. Ke7 Kc3
47. Kxf7 Kd3 48. Kg6 Kxe4 49. Kxh5 Kd5 50. g4 Kc6 51. g5 e4 52. g6 Bd4 53. a7
1-0

[Event "Belgrade Trophy 21st"]
[Site "Obrenovac"]
[Date "2008.12.04"]
[Round "8"]
[White "Gunnarsson, Jon Viktor"]
[Black "Velimirovic, Dragoljub"]
[Result "1-0"]
[WhiteElo "2430"]
[BlackElo "2415"]
[PlyCount "67"]
[EventDate "2008.11.27"]
[EventType "swiss"]
[EventRounds "9"]
[EventCountry "YUG"]
[Source "ChessBase"]
[SourceDate "2009.01.08"]
[WhiteTeamCountry "YUG"]
[BlackTeamCountry "URS"]

1. e4 c5 2. Nf3 d6 3. d4 cxd4 4. Nxd4 Nf6 5. Nc3 g6 6. Be3 Bg7 7. f3 Nc6 8. Qd2
O-O 9. Bc4 Nd7 10. O-O-O Nb6 11. Bb3 Na5 12. f4 Nbc4 13. Qd3 Nxe3 14. Qxe3
Nxb3+ 15. cxb3 Bh6 16. g3 Bg4 17. Rd2 e5 18. Ndb5 a6 19. Nxd6 Qc7 20. h3 Bh5
21. Rd5 Rad8 22. Qd3 Be2 23. Qd2 Bf3 24. Rf1 Bg2 25. Qxg2 Rxd6 26. Kb1 exf4 27.
gxf4 Rc6 28. e5 f6 29. Qg4 Qc8 30. Rd7 fxe5 31. Rfd1 Qe8 32. Qh4 g5 33. fxg5
Qg6+ 34. Ka1 1-0

[Event "Belgrade Trophy 21st"]
[Site "Obrenovac"]
[Date "2008.12.05"]
[Round "9"]
[White "Velimirovic, Dragoljub"]
[Black "Todorovic, Goran M"]
[Result "1-0"]
[WhiteElo "2415"]
[BlackElo "2478"]
[PlyCount "74"]
[EventDate "2008.11.27"]
[EventType "swiss"]
[EventRounds "9"]
[EventCountry "YUG"]
[Source "ChessBase"]
[SourceDate "2009.01.08"]
[WhiteTeamCountry "YUG"]
[BlackTeamCountry "URS"]

1. a3 e5 2. c4 Nf6 3. Nc3 g6 4. g3 d5 5. cxd5 Nxd5 6. Bg2 Ne7 7. d3 Bg7 8. h4
h6 9. Nf3 Nbc6 10. Bd2 b6 11. O-O Bb7 12. b4 O-O 13. b5 Nd4 14. Nxd4 Bxg2 15.
Ne6 Qd7 16. Kxg2 Qxe6 17. a4 Rad8 18. a5 Nf5 19. axb6 axb6 20. Ra4 Nd4 21. Rc4
Rd7 22. Be3 Nxb5 23. Nxb5 Qd5+ 24. f3 Qxb5 25. Qc1 c5 26. Bxh6 Rd4 27. h5 Qc6
28. Rh1 Rxc4 29. dxc4 e4 30. Bxg7 Kxg7 31. hxg6 exf3+ 32. exf3 fxg6 33. Qh6+
Kf7 34. Qh7+ Kf6 35. Rh4 Re8 36. Rf4+ Ke5 37. Qg7+ Kd6 1-0

[Event "Belgrade-chT"]
[Site "Belgrade"]
[Date "2009.10.04"]
[Round "1"]
[White "Todorcevic, Miodrag"]
[Black "Velimirovic, Dragoljub"]
[Result "1-0"]
[WhiteElo "2450"]
[BlackElo "2438"]
[PlyCount "63"]
[EventDate "2009.10.04"]
[EventType "tourn ()"]
[EventRounds "9"]
[EventCountry "YUG"]
[Source "ChessBase"]
[SourceDate "2009.11.03"]
[WhiteTeamCountry "YUG"]
[BlackTeamCountry "URS"]

1. e4 d6 2. Nf3 Nf6 3. d3 g6 4. g3 Bg7 5. Bg2 c5 6. Nbd2 Nc6 7. c3 Bd7 8. O-O
Qc8 9. Re1 Bh3 10. Bh1 O-O 11. a4 h6 12. Nc4 Ng4 13. Ne3 e5 14. Nh4 Nxe3 15.
Bxe3 g5 16. Nf5 Bxf5 17. exf5 Qxf5 18. h4 g4 19. a5 a6 20. Ra4 Qd7 21. Rxg4 f5
22. Rg6 f4 23. Bc1 fxg3 24. Rxg3 Rf6 25. Bd5+ Kh8 26. Bg5 Rff8 27. Qh5 Qf5 28.
Rf3 Qh7 29. Be4 Qg8 30. Bg6 Rxf3 31. Bxh6 Qe6 32. Bg5+ 1-0

[Event "Belgrade-chT"]
[Site "Belgrade"]
[Date "2009.10.05"]
[Round "2"]
[White "Velimirovic, Dragoljub"]
[Black "Todorovic, Goran N"]
[Result "1/2-1/2"]
[WhiteElo "2438"]
[BlackElo "2384"]
[PlyCount "82"]
[EventDate "2009.10.04"]
[EventType "tourn ()"]
[EventRounds "9"]
[EventCountry "YUG"]
[Source "ChessBase"]
[SourceDate "2009.11.03"]
[WhiteTeamCountry "YUG"]
[BlackTeamCountry "URS"]

1. Nf3 Nf6 2. g3 b6 3. Bg2 Bb7 4. d3 e6 5. O-O d5 6. b3 Be7 7. Bb2 O-O 8. Nbd2
c5 9. Re1 Nc6 10. c4 Qc7 11. cxd5 Nxd5 12. Rc1 Rac8 13. a3 Qb8 14. e4 Nf6 15.
e5 Nd7 16. Rc4 Ba6 17. Rg4 Bxd3 18. Ne4 Bxe4 19. Rexe4 Rfd8 20. Qc1 Nf8 21. h4
Nd4 22. h5 f5 23. exf6 Bxf6 24. h6 g6 25. Nxd4 cxd4 26. Qf4 Qxf4 27. Rgxf4 Bg5
28. Rg4 Bxh6 29. Rxd4 Rxd4 30. Bxd4 Rc1+ 31. Bf1 Rb1 32. b4 Rb3 33. b5 Rxa3 34.
Be5 Bg7 35. Bd6 Ra1 36. Rc4 Rd1 37. Rc6 Nd7 38. Kg2 Bf8 39. Bf4 Nc5 40. Be3 Kf7
41. Bc4 Bd6 1/2-1/2

[Event "Belgrade-chT"]
[Site "Belgrade"]
[Date "2009.10.06"]
[Round "3"]
[White "Mijailovic, Zoran"]
[Black "Velimirovic, Dragoljub"]
[Result "1/2-1/2"]
[WhiteElo "2400"]
[BlackElo "2438"]
[PlyCount "81"]
[EventDate "2009.10.04"]
[EventType "tourn ()"]
[EventRounds "9"]
[EventCountry "YUG"]
[Source "ChessBase"]
[SourceDate "2009.11.03"]
[WhiteTeamCountry "YUG"]
[BlackTeamCountry "URS"]

1. Nf3 g6 2. c4 Bg7 3. d4 Nf6 4. Nc3 O-O 5. e4 d6 6. Be2 c5 7. O-O Nc6 8. d5
Na5 9. Bg5 Bg4 10. Nd2 Bxe2 11. Qxe2 h6 12. Be3 e5 13. dxe6 fxe6 14. e5 Nh5 15.
exd6 Nc6 16. Nde4 b6 17. Qg4 Kh7 18. Rad1 Nd4 19. Nb5 Nxb5 20. cxb5 Qd7 21. Rd2
Rf5 22. Nc3 Raf8 23. g3 Bxc3 24. bxc3 Nf6 25. Qh3 Rh5 26. Qg2 Rd5 27. c4 Rxd2
28. Bxd2 Qxd6 29. Qb7+ Qd7 30. Qxd7+ Nxd7 31. Re1 e5 32. Bc3 Rf3 33. Bxe5 Nxe5
34. Rxe5 Ra3 35. Re7+ Kg8 36. h4 Rxa2 37. Kg2 Kf8 38. Re4 Kg7 39. g4 a6 40.
bxa6 Rxa6 41. Kg3 1/2-1/2

[Event "Belgrade-chT"]
[Site "Belgrade"]
[Date "2009.10.07"]
[Round "4"]
[White "Velimirovic, Dragoljub"]
[Black "Kerecki, Ljubisa"]
[Result "1-0"]
[WhiteElo "2438"]
[BlackElo "2187"]
[PlyCount "60"]
[EventDate "2009.10.04"]
[EventType "tourn ()"]
[EventRounds "9"]
[EventCountry "YUG"]
[Source "ChessBase"]
[SourceDate "2009.11.03"]
[WhiteTeamCountry "YUG"]
[BlackTeamCountry "URS"]

1. e4 c5 2. Nf3 d6 3. d4 cxd4 4. Nxd4 Nf6 5. Nc3 a6 6. Bc4 e6 7. Bb3 Be7 8. g4
O-O 9. g5 Nfd7 10. Qh5 Nc5 11. Rg1 Nxb3 12. axb3 Nc6 13. Be3 Nxd4 14. Bxd4 e5
15. Be3 Be6 16. O-O-O Qa5 17. Kb1 Rfc8 18. Rd3 g6 19. Qe2 Rc6 20. Nd5 Qd8 21.
h4 Rac8 22. Nb4 h5 23. Nxc6 Rxc6 24. f4 Qc7 25. f5 Bd7 26. Rf1 a5 27. Qf2 Be8
28. Bc1 Ra6 29. fxg6 fxg6 30. Rf3 Kg7 1-0

[Event "Belgrade-chT"]
[Site "Belgrade"]
[Date "2009.10.08"]
[Round "5"]
[White "Stankovic, Milos"]
[Black "Velimirovic, Dragoljub"]
[Result "1-0"]
[WhiteElo "2306"]
[BlackElo "2438"]
[PlyCount "45"]
[EventDate "2009.10.04"]
[EventType "tourn ()"]
[EventRounds "9"]
[EventCountry "YUG"]
[Source "ChessBase"]
[SourceDate "2009.11.03"]
[WhiteTeamCountry "YUG"]
[BlackTeamCountry "URS"]

1. e4 c5 2. c3 e6 3. d4 d5 4. e5 Nc6 5. Nf3 Qb6 6. Bd3 Bd7 7. O-O f6 8. Nbd2
fxe5 9. Nxe5 Nxe5 10. dxe5 O-O-O 11. Nf3 h6 12. b4 c4 13. Be3 Qc7 14. Bc2 Ne7
15. a4 Nc6 16. Re1 Be7 17. Nd4 Nb8 18. Nb5 Bxb5 19. axb5 Qxe5 20. Bd4 Qd6 21.
Qg4 h5 22. Qh3 Rh6 23. Bxg7 1-0

[Event "Belgrade-chT"]
[Site "Belgrade"]
[Date "2009.10.09"]
[Round "6"]
[White "Velimirovic, Dragoljub"]
[Black "Svetac, Nenad"]
[Result "1/2-1/2"]
[WhiteElo "2438"]
[BlackElo "2285"]
[PlyCount "83"]
[EventDate "2009.10.04"]
[EventType "tourn ()"]
[EventRounds "9"]
[EventCountry "YUG"]
[Source "ChessBase"]
[SourceDate "2009.11.03"]
[WhiteTeamCountry "YUG"]
[BlackTeamCountry "URS"]

1. e4 d6 2. d4 Nf6 3. Nc3 g6 4. f4 Bg7 5. e5 Nfd7 6. Be3 c5 7. Bc4 cxd4 8. Bxd4
Nc6 9. Bxf7+ Kxf7 10. e6+ Kf8 11. Bxg7+ Kxg7 12. exd7 Bxd7 13. Qd2 Qa5 14. Nge2
Rhf8 15. O-O Rf7 16. a3 a6 17. b4 Qh5 18. Nd5 Raf8 19. c4 b5 20. cxb5 axb5 21.
Rac1 Kg8 22. Nec3 Nd8 23. Ne4 Ne6 24. Ng3 Qh6 25. Qe3 Rc8 26. Rxc8+ Bxc8 27.
Kh1 Qf8 28. h3 Ng7 29. Kg1 Bb7 30. Nc3 Qa8 31. Nce4 Nf5 32. Nxf5 Rxf5 33. Ng3
Rf7 34. Rf2 Bd5 35. f5 gxf5 36. Nxf5 Kf8 37. Nd4 Bc4 38. Qh6+ Ke8 39. Qh5 Qxa3
40. Rxf7 Bxf7 41. Qxb5+ Kf8 42. Nf5 1/2-1/2

[Event "Belgrade-chT"]
[Site "Belgrade"]
[Date "2009.10.10"]
[Round "7"]
[White "Ninov, Nikolai"]
[Black "Velimirovic, Dragoljub"]
[Result "1-0"]
[WhiteElo "2562"]
[BlackElo "2438"]
[PlyCount "61"]
[EventDate "2009.10.04"]
[EventType "tourn ()"]
[EventRounds "9"]
[EventCountry "YUG"]
[Source "ChessBase"]
[SourceDate "2009.11.03"]
[WhiteTeamCountry "YUG"]
[BlackTeamCountry "URS"]

1. e4 c5 2. Nf3 Nc6 3. d4 cxd4 4. Nxd4 g6 5. c4 Bg7 6. Be3 Nf6 7. Nc3 d6 8. Be2
O-O 9. O-O Bd7 10. Qd2 Nxd4 11. Bxd4 Bc6 12. f3 a5 13. b3 Nd7 14. Be3 Nc5 15.
Rab1 b6 16. Bd1 Ra7 17. a3 Qa8 18. Bc2 Rd8 19. Nd5 Bxd5 20. exd5 Nd7 21. f4 Qc8
22. a4 Rb7 23. Rbe1 Re8 24. Rf3 e5 25. dxe6 Rxe6 26. f5 Re8 27. Ref1 Ne5 28.
Rg3 Qc6 29. f6 Bh8 30. Qd4 Nd7 31. Bxg6 1-0